<?xml version="1.0" encoding="UTF-8"?>
<record
    xmlns:xsi="http://www.w3.org/2001/XMLSchema-instance"
    xsi:schemaLocation="http://www.loc.gov/MARC21/slim http://www.loc.gov/standards/marcxml/schema/MARC21slim.xsd"
    xmlns="http://www.loc.gov/MARC21/slim">

  <leader>     nam a22     7a 4500</leader>
  <datafield tag="999" ind1=" " ind2=" ">
    <subfield code="c">329450</subfield>
    <subfield code="d">329450</subfield>
  </datafield>
  <controlfield tag="003">Nust</controlfield>
  <controlfield tag="005">20170508115442.0</controlfield>
  <controlfield tag="008">170508b        xxu||||| |||| 00| 0 eng d</controlfield>
  <datafield tag="040" ind1=" " ind2=" ">
    <subfield code="c">DLC</subfield>
  </datafield>
  <datafield tag="082" ind1=" " ind2=" ">
    <subfield code="a">620.13621 AST</subfield>
  </datafield>
  <datafield tag="245" ind1=" " ind2=" ">
    <subfield code="a">2010 annual book of ASTM standards, section 4 : Construction</subfield>
  </datafield>
  <datafield tag="942" ind1=" " ind2=" ">
    <subfield code="2">ddc</subfield>
    <subfield code="c">BK</subfield>
  </datafield>
  <datafield tag="952" ind1=" " ind2=" ">
    <subfield code="0">0</subfield>
    <subfield code="1">0</subfield>
    <subfield code="2">ddc</subfield>
    <subfield code="4">0</subfield>
    <subfield code="7">0</subfield>
    <subfield code="a">NIT</subfield>
    <subfield code="b">NIT</subfield>
    <subfield code="d">2017-05-08</subfield>
    <subfield code="l">2</subfield>
    <subfield code="o">620.13621 AST</subfield>
    <subfield code="p">NIT-8552</subfield>
    <subfield code="r">2023-01-10</subfield>
    <subfield code="s">2022-12-20</subfield>
    <subfield code="w">2017-05-08</subfield>
    <subfield code="y">BK</subfield>
  </datafield>
  <datafield tag="952" ind1=" " ind2=" ">
    <subfield code="0">0</subfield>
    <subfield code="1">0</subfield>
    <subfield code="2">ddc</subfield>
    <subfield code="4">0</subfield>
    <subfield code="7">0</subfield>
    <subfield code="a">NIT</subfield>
    <subfield code="b">NIT</subfield>
    <subfield code="d">2017-05-08</subfield>
    <subfield code="l">0</subfield>
    <subfield code="o">620.13621 AST</subfield>
    <subfield code="p">NIT-8553</subfield>
    <subfield code="r">2017-05-08</subfield>
    <subfield code="w">2017-05-08</subfield>
    <subfield code="y">BK</subfield>
  </datafield>
  <datafield tag="952" ind1=" " ind2=" ">
    <subfield code="0">0</subfield>
    <subfield code="1">0</subfield>
    <subfield code="2">ddc</subfield>
    <subfield code="4">0</subfield>
    <subfield code="7">0</subfield>
    <subfield code="a">NIT</subfield>
    <subfield code="b">NIT</subfield>
    <subfield code="d">2017-05-08</subfield>
    <subfield code="l">0</subfield>
    <subfield code="o">620.13621 AST</subfield>
    <subfield code="p">NIT-8554</subfield>
    <subfield code="r">2017-05-08</subfield>
    <subfield code="w">2017-05-08</subfield>
    <subfield code="y">BK</subfield>
  </datafield>
  <datafield tag="952" ind1=" " ind2=" ">
    <subfield code="0">0</subfield>
    <subfield code="1">0</subfield>
    <subfield code="2">ddc</subfield>
    <subfield code="4">0</subfield>
    <subfield code="7">0</subfield>
    <subfield code="a">NIT</subfield>
    <subfield code="b">NIT</subfield>
    <subfield code="d">2017-05-08</subfield>
    <subfield code="l">0</subfield>
    <subfield code="o">620.13621 AST</subfield>
    <subfield code="p">NIT-8555</subfield>
    <subfield code="r">2017-05-08</subfield>
    <subfield code="w">2017-05-08</subfield>
    <subfield code="y">BK</subfield>
  </datafield>
  <datafield tag="952" ind1=" " ind2=" ">
    <subfield code="0">0</subfield>
    <subfield code="1">0</subfield>
    <subfield code="2">ddc</subfield>
    <subfield code="4">0</subfield>
    <subfield code="7">0</subfield>
    <subfield code="a">NIT</subfield>
    <subfield code="b">NIT</subfield>
    <subfield code="d">2017-05-08</subfield>
    <subfield code="l">1</subfield>
    <subfield code="o">620.13621 AST</subfield>
    <subfield code="p">NIT-8556</subfield>
    <subfield code="r">2020-10-27</subfield>
    <subfield code="s">2020-10-15</subfield>
    <subfield code="w">2017-05-08</subfield>
    <subfield code="y">BK</subfield>
  </datafield>
  <datafield tag="952" ind1=" " ind2=" ">
    <subfield code="0">0</subfield>
    <subfield code="1">0</subfield>
    <subfield code="2">ddc</subfield>
    <subfield code="4">0</subfield>
    <subfield code="7">0</subfield>
    <subfield code="a">NIT</subfield>
    <subfield code="b">NIT</subfield>
    <subfield code="d">2017-05-08</subfield>
    <subfield code="l">0</subfield>
    <subfield code="o">620.13621 AST</subfield>
    <subfield code="p">NIT-8557</subfield>
    <subfield code="r">2017-05-08</subfield>
    <subfield code="w">2017-05-08</subfield>
    <subfield code="y">BK</subfield>
  </datafield>
  <datafield tag="952" ind1=" " ind2=" ">
    <subfield code="0">0</subfield>
    <subfield code="1">0</subfield>
    <subfield code="2">ddc</subfield>
    <subfield code="4">0</subfield>
    <subfield code="7">0</subfield>
    <subfield code="a">NIT</subfield>
    <subfield code="b">NIT</subfield>
    <subfield code="d">2017-05-08</subfield>
    <subfield code="l">0</subfield>
    <subfield code="o">620.13621 AST</subfield>
    <subfield code="p">NIT-8558</subfield>
    <subfield code="r">2017-05-08</subfield>
    <subfield code="w">2017-05-08</subfield>
    <subfield code="y">BK</subfield>
  </datafield>
  <datafield tag="952" ind1=" " ind2=" ">
    <subfield code="0">0</subfield>
    <subfield code="1">0</subfield>
    <subfield code="2">ddc</subfield>
    <subfield code="4">0</subfield>
    <subfield code="7">0</subfield>
    <subfield code="a">NIT</subfield>
    <subfield code="b">NIT</subfield>
    <subfield code="d">2017-05-08</subfield>
    <subfield code="l">0</subfield>
    <subfield code="o">620.13621 AST</subfield>
    <subfield code="p">NIT-8559</subfield>
    <subfield code="r">2017-05-08</subfield>
    <subfield code="w">2017-05-08</subfield>
    <subfield code="y">BK</subfield>
  </datafield>
  <datafield tag="952" ind1=" " ind2=" ">
    <subfield code="0">0</subfield>
    <subfield code="1">0</subfield>
    <subfield code="2">ddc</subfield>
    <subfield code="4">0</subfield>
    <subfield code="7">0</subfield>
    <subfield code="a">NIT</subfield>
    <subfield code="b">NIT</subfield>
    <subfield code="d">2017-05-08</subfield>
    <subfield code="l">0</subfield>
    <subfield code="o">620.13621 AST</subfield>
    <subfield code="p">NIT-8560</subfield>
    <subfield code="r">2017-05-08</subfield>
    <subfield code="w">2017-05-08</subfield>
    <subfield code="y">BK</subfield>
  </datafield>
  <datafield tag="952" ind1=" " ind2=" ">
    <subfield code="0">0</subfield>
    <subfield code="1">0</subfield>
    <subfield code="2">ddc</subfield>
    <subfield code="4">0</subfield>
    <subfield code="7">0</subfield>
    <subfield code="a">NIT</subfield>
    <subfield code="b">NIT</subfield>
    <subfield code="d">2017-05-08</subfield>
    <subfield code="l">0</subfield>
    <subfield code="o">620.13621 AST</subfield>
    <subfield code="p">NIT-8561</subfield>
    <subfield code="r">2017-05-08</subfield>
    <subfield code="w">2017-05-08</subfield>
    <subfield code="y">BK</subfield>
  </datafield>
  <datafield tag="952" ind1=" " ind2=" ">
    <subfield code="0">0</subfield>
    <subfield code="1">0</subfield>
    <subfield code="2">ddc</subfield>
    <subfield code="4">0</subfield>
    <subfield code="7">0</subfield>
    <subfield code="a">NIT</subfield>
    <subfield code="b">NIT</subfield>
    <subfield code="d">2017-05-08</subfield>
    <subfield code="l">0</subfield>
    <subfield code="o">620.13621 AST</subfield>
    <subfield code="p">NIT-8562</subfield>
    <subfield code="r">2017-05-08</subfield>
    <subfield code="w">2017-05-08</subfield>
    <subfield code="y">BK</subfield>
  </datafield>
  <datafield tag="952" ind1=" " ind2=" ">
    <subfield code="0">0</subfield>
    <subfield code="1">0</subfield>
    <subfield code="2">ddc</subfield>
    <subfield code="4">0</subfield>
    <subfield code="7">0</subfield>
    <subfield code="a">NIT</subfield>
    <subfield code="b">NIT</subfield>
    <subfield code="d">2017-05-08</subfield>
    <subfield code="l">0</subfield>
    <subfield code="o">620.13621 AST</subfield>
    <subfield code="p">NIT-8563</subfield>
    <subfield code="r">2017-05-08</subfield>
    <subfield code="w">2017-05-08</subfield>
    <subfield code="y">BK</subfield>
  </datafield>
</record>
